Exchange Rate Policy, Cryptocurrencies and International Reserve Currencies: Theory and Evidence from a Macroeconomic Perspective habilitačná práca

Salvato in:
Dettagli Bibliografici
Autore principale: Portugal Duarte, António
Ente Autore: Národohospodárska fakulta EU. Katedra hospodárskej politiky
Natura: Libro
Lingua:inglese
Pubblicazione: Bratislava 2025
Tags: Aggiungi Tag
Nessun Tag, puoi essere il primo ad aggiungerne!!

MARC

LEADER 00000nbm a2200000 4500
001 0315313
005 20260308003050.2
041 0 |a eng 
044 |a SK 
245 1 0 |a Exchange Rate Policy, Cryptocurrencies and International Reserve Currencies: Theory and Evidence from a Macroeconomic Perspective  |b habilitačná práca  |c António Portugal Duarte ; školiteľ: Jarko Fidrmuc 
264 1 |a Bratislava  |c 2025 
300 |a 88 s. 
100 1 |a Portugal Duarte, António 
710 2 |a Národohospodárska fakulta EU. Katedra hospodárskej politiky